00312nam a22000977a 4500100002500000245006900025260002700094300000900121650004700130700003700177 aMohsin Aziz a16CE41 aAssessing Effect of Rice Husk on Hardened Properties of Concrete aNawabshahbQUESTc2019 a28p. aEffect of Rice HusaProperties of Concrete aDepartment of Cviil engineering